| 000 | 00456nam a22001337a 4500 | ||
|---|---|---|---|
| 040 | _cNUST | ||
| 082 | _a200 THE | ||
| 100 |
_aAfaq Ahmad Khan _9109160 |
||
| 110 |
_aSupervisor Dr. Muhammad Umar Farooq _9109161 |
||
| 245 | _aTH-SOF-2135-Lightweight Traffic Classification and Forwarding Scheme for Software Defined Networks(SDN's) | ||
| 260 |
_aISLAMABAD: _bNUST COLLEGE OF EME, _c2023. |
||
| 650 |
_aMS-COMPUTER ENGINEERING-20 _9101738 |
||
| 942 |
_2ddc _cTHE |
||
| 999 |
_c593337 _d593337 |
||